Βασικές Δεξιότητες Συμβουλευτικής / Ένα Εγχειρίδιο για Βοηθούς (Record no. 6379)
[ view plain ]
| 000 -LEADER | |
|---|---|
| fixed length control field | 01824cam a22002054a 4500 |
| 005 - ΗΜΕΡΟΜΗΝΙΑ ΚΑΙ ΩΡΑ ΤΕΛΕΥΤΑΙΑΣ ΕΝΗΜΕΡΩΣΗΣ | |
| Πεδίο ελέγχου | 20250605164241.0 |
| 008 - FIXED-LENGTH DATA ELEMENTS--GENERAL INFORMATION | |
| Πεδίο ελέγχου σταθερού μήκους | 250528s ||||||||||||||||||||||||d |
| 035 ## - SYSTEM CONTROL NUMBER | |
| System control number | 21314 |
| 020 ## - ISBN | |
| ISBN | 9789609405003 |
| 040 ## - ΠΗΓΗ ΚΑΤΑΛΟΓΟΓΡΑΦΗΣΗΣ | |
| Φορέας πρωτότυπης καταλογογράφησης | MC Athens Campus Library |
| Γλώσσα καταλογογράφησης | Ελληνικά, Μοντέρνα (1453-) |
| Modifying agency | MC Athens Campus Library |
| Κανόνες περιγραφικής καταλογογράφησης | AACR2 |
| 245 1# - ΤΙΤΛΟΣ ΚΑΙ ΔΗΛΩΣΗ ΥΠΕΥΘΥΝΟΤΗΤΑΣ | |
| Τίτλος | Βασικές Δεξιότητες Συμβουλευτικής / Ένα Εγχειρίδιο για Βοηθούς |
| 250 ## - EDITION STATEMENT | |
| Edition statement | 2nd |
| 260 ## - PUBLICATION, DISTRIBUTION, ETC. | |
| Name of publisher, distributor, etc. | Πεδίο, |
| Date of publication, distribution, etc. | 2009 |
| 300 ## - PHYSICAL DESCRIPTION | |
| Extent | 288 |
| 520 ## - SUMMARY, ETC. | |
| Summary, etc. | Μια Πρακτική Εισαγωγή στις Βασικές Δεξιότητες Συμβουλευτικής που είναι απαραίτητες σε όποιον θέλει να ασχοληθεί με τον τομέα. Πρόλογος, Εισαγωγή, Προσεγγίσεις Συμβουλευτικής και Βοήθειας, Η Σχέση Παρόχης Βοήθειας, Η Διαδικασία Παροχής Βοήθειας, Ειδικές Δεξιότητες Συμβουλευτικής, Παράφραση και Αντανάκλαση Συναισθημάτων, Διατύπωση Ερωτήσεων, Διαχείριση Αντιστάσεων και Πραγματοποίηση Παραπομπών, Εκπαίδευση στη Χαλάρωση, Βελτίωση των Κανόνων. Διεξαγωγή των Ενδιάμεσων Συνεδριών, Περαιτέρω Προβληματισμοί, Ηθικά και Δεοντολογικά Ζητήματα και Διλήμματα, Υποστήριξη και Εποπτεία, Προτεινόμενη Βιβλιογραφία, Ευρετήριο Ονομάτων και Όρων και Θεμάτων, Λεξιλόγιο Βασικών Αγγλικών ΌΌρων. |
| 700 1# - ΠΡΟΣΘΕΤΗ ΑΝΑΓΡΑΦΗ--ΦΥΣΙΚΟ ΠΡΟΣΩΠΟ | |
| Personal name | Nelson-Jones Richard |
| 9 (RLIN) | 55 |
| 942 ## - ADDED ENTRY ELEMENTS (KOHA) | |
| Koha item type | Books |
| Τύπος τεκμηρίου | Βιβλιοθήκη | Τρέχουσα τοποθεσία | Barcode | Αριθμός εισαγωγής | Ημερομηνία απόκτησης | Ταξιθετικό σύμβολο | Αριθμός αντιτύπου | Κατάσταση απόσυρσης | Κατάσταση χαμένου | Κατάσταση κατεστραμμένου | Μη δανεισμός | Σύνολο δανεισμών | Ημερομηνία τελευταίας εμφάνισης | Η τιμή ισχύει από |
|---|---|---|---|---|---|---|---|---|---|---|---|---|---|---|
| Books | MC Athens Campus Library | MC Athens Campus Library | 9780000063786 | 5471 | 05/06/2025 | 158.3 NEL | 3 | 05/06/2025 | 05/06/2025 |